| Tag |
First Indicator |
Second Indicator |
Subfields |
| LEADER |
00000cam a22000004a 4500 |
| 001 |
in00001595721 |
| 005 |
20151022164847.0 |
| 008 |
000425s2000 enk b 001 0 eng |
| 010 |
|
|
|a 00032844
|
| 020 |
|
|
|a 0415188865 (hardcover)
|
| 020 |
|
|
|a 0415188873 (pbk.)
|
| 035 |
|
|
|a (OCoLC)ocm44046776
|
| 040 |
|
|
|a DLC
|c DLC
|d C#P
|d TXA
|d UtOrBLW
|
| 042 |
|
|
|a pcc
|
| 049 |
|
|
|a TXAM
|
| 050 |
0 |
0 |
|a RC552.S66
|b S53 2000
|
| 082 |
0 |
0 |
|a 616.85/24
|2 21
|
| 100 |
1 |
|
|a Sidoli, Mara.
|
| 245 |
1 |
0 |
|a When the body speaks :
|b the archetypes in the body /
|c Mara Sidoli ; edited by Phyllis Blakemore.
|
| 264 |
|
1 |
|a London ;
|a Philadelphia :
|b Routledge,
|c 2000.
|
| 300 |
|
|
|a x, 127 pages ;
|c 23 cm.
|
| 336 |
|
|
|a text
|b txt
|2 rdacontent
|
| 337 |
|
|
|a unmediated
|b n
|2 rdamedia
|
| 338 |
|
|
|a volume
|b nc
|2 rdacarrier
|
| 504 |
|
|
|a Includes bibliographical references (pages [120]-121) and index.
|
| 650 |
|
0 |
|a Somatization disorder
|x Etiology.
|
| 650 |
|
0 |
|a Jungian psychology.
|
| 650 |
|
0 |
|a Archetype (Psychology)
|
| 650 |
|
0 |
|a Infant psychology.
|
| 700 |
1 |
|
|a Blakemore, Phyllis.
|
| 948 |
|
|
|a cataloged
|b h
|c 2001/2/16
|d c
|e mphillip
|f 8:51:03 am
|
| 994 |
|
|
|a E0
|b TXA
|
| 999 |
|
|
|a MARS
|
| 999 |
f |
f |
|s cd843e89-23d2-3b86-8cc3-8fc574147282
|i 99a30cbd-76b7-3b61-b97f-5edd5dfe8dd6
|t 0
|
| 952 |
f |
f |
|p ric
|a Texas A&M University
|b Rellis Campus
|c Joint Library Facility
|d Remote Storage
|t 0
|e RC552.S66 S53 2000
|h Library of Congress classification
|i unmediated -- volume
|m A14827173897
|
| 998 |
f |
f |
|a RC552.S66 S53 2000
|t 0
|l Remote Storage
|